00628nam a2200205Ia 4500003000400000005001700004008004100021020003000062040001700092082002300109100002300132245013100155250001100286260003400297300001000331650001200341650001500353700002700368700002700395IIN20240202114844.0231217s9999 xx 000 0 und d cRs.1099.00a9789351298267 aIINbEnglish a612 bJOS1 a.Joshi, Vijaya D. 1 aAnatomy and Physiology:bfor Nursing and Healthcare Students /cVijaya D. Joshi, Ashalata N Nandedkar and Sadhana S Mendhurwar a3rd ed bWolters KluweraGurgaonc2018 a523p.1 aAnatomy1 aPhysiology1 aNandedkar, Ashalata N 1 aMendhurwar, Sadhana S